000 00340nam a22001337a 4500
999 _c54997
_d54997
008 200204b ||||| |||| 00| 0 eng d
041 _aeng
080 _2043.3
_a043.3
082 _a043.3
100 _a0
101 _aBTH
245 _aKrahasimi i Autentifikimit me shumë faktorë të tre Platformave Cloud
_cGojani,A
942 _2udc
_cBK